Word Ladder: Sandra Bullock Movies Quiz Stats

 Plays Quiz Updated Jul 26, 2012

Support Sporcle.
Go Orange.
Score 0/26 Timer 03:00
0 Plays Today
Clue Answer % Correct
★ ''While You ____ Sleeping'' (1995) ★●WERE●
95.5%
★ ''____ Congeniality'' (2000) ★●MISS●
94.7%
★ ''The Blind ____'' (2009) ★●SIDE●
93.4%
2007 movie: ''The Bucket ____''LIST
92.7%
Sound from a snakeHISS
91.5%
Small, greenish-yellow fruitLIME
91.4%
★ ''A ____ to Kill'' (1996) ★●TIME●
91.4%
Very fine rainMIST
91.1%
1995 movie: ''Crimson ____''TIDE
90.8%
1967 movie: ''For a Few Dollars ____''MORE
90.2%
★ ''The Thing Called ____'' (1993) ★●LOVE●
87.3%
Donned clothingWORE
85.2%
★ ''____ Floats'' (1998) ★●HOPE●
85.1%
Clue Answer % Correct
Japanese alcoholic beverageSAKE
84.8%
Short leapsHOPS
83.5%
Nothing more or better thanMERE
81.6%
Traditional or folk knowledgeLORE
80.5%
Dan Blocker's character on ''Bonanza''HOSS
80.4%
Marquis de ____ (1740 - 1814)SADE
79.3%
Sulk, broodMOPE
79%
Italian coins before the EuroLIRE
78.4%
Interlaced threads or other fibersWOVE
76.6%
Situated towards the frontFORE
66.3%
★ ''____ on the Amazon'' (1993) ★●FIRE●
64.2%
★ ''The ____ House'' (2006) ★●LAKE●
63.2%
★ ''____ Picard Is Famous'' (2000) ★●LISA●
48.9%

Today's Daily Dose

Word Ladder
ING Words

Get the Picture
Nearest Volcano

From the Vault

ASOIAF Major Houses Typing Challenge

by beforever

So many Targaryens with awkward names, George R. R. Martin is a sick man.
Remove Ads.
Support Sporcle.
Get the best of Sporcle when you Go Orange. This ad-free experience offers more features, more stats, and more fun while also helping to support Sporcle. Thank you for becoming a member.

Show Comments

Extras

Top Quizzes Today


Score Distribution

Your Account Isn't Verified!

In order to create a playlist on Sporcle, you need to verify the email address you used during registration. Go to your Sporcle Settings to finish the process.

Report this User

Report this user for behavior that violates our Community Guidelines.

Details: